تاريخ النور السافر عن اخبار القرن العاشر

Bibliographic Details
Main Author: عيدروس, عبد القادر بن شيخ (Author)
Format: Book
Published: Bayrut : Dar al-Kutub al-Ilmiyah , 1985
Subjects:

MARC

LEADER 00000cam a2200000 7i4500
001 0000000839
005 20071006093000.0
008 021118s1985
090 0 0 |a BP75.29.A7   |b A9 1985 
100 0 |a عيدروس, عبد القادر بن شيخ ,   |e author 
240 2 0 |a نور السافر عن اخبار القرن العاشر 
245 1 0 |a تاريخ النور السافر عن اخبار القرن العاشر   |c سيدى شمس الشموس محى الدين عبد القادر بن شيخ بن عبد الله العيدروسي 
260 2 |a Bayrut :   |b Dar al-Kutub al-Ilmiyah ,   |c 1985 
300 |a 453 p. ;   |c 24 cm. 
650 0 |a Obituaries   |z Middle East   |x Early works to 1800 
651 0 |a Middle East   |x History   |y 1517- 
651 0 |a Middle East   |x Biography   |v Early works to 1800 
745 0 0 |a Tarikh al-nur al-safir an akhbar al-qarn al-ashir 
999 |a 1000015894   |b Book   |c OPEN SHELF (30 DAYS)   |e Gong Badak Campus